Countries that would split Afro-Eurasia or Americas Landmasses if Removed - Statistics

General Stats
  • This quiz has been taken 1,674 times
    1,668 since last reset
  • The average score is 15 of 21
Answer Stats
Country % Correct
Panama
93%
Russia
91%
Mexico
90%
United States
89%
Colombia
85%
Egypt
84%
Costa Rica
83%
Honduras
83%
Nicaragua
83%
Guatemala
81%
Canada
80%
Saudi Arabia
72%
Spain
67%
Israel
65%
France
61%
Italy
52%
Germany
50%
North Korea
48%
Thailand
43%
South Africa
41%
Senegal
34%
No matching quizzes found
Score Distribution
Percent of People with Each Score
Percentile by Number Answered
Your Score History
You have not taken this quiz since the last reset